000 00942nam0a22002531 4500
001 rc\4516425
005 20260407023941.0
021 _aRU
_b[67-46492]
035 _a(NLR Aleph) 008622433
090 _a8831655
_c8831655
100 _a20130416d1967 |||y0rusy50 ca
101 0 _arus
102 _aRU
105 _ay b |||||
200 1 _aКаталог медицинских изделий малой механизации
_fМ-во здравоохранения СССР
210 _aМосква
_cВсесоюз. объединение "Союзмедтехника"
_d1967
215 _a100 с.
_d26
606 _aМедицинское оборудование
_jКаталоги
_2psbo
712 0 2 _a"Союзмедтехника", всесоюзное объединение
_9516742
_3RU\NLR\AUTH\8810009501
801 0 _aRU
_bNLR
_gpsbo
801 1 _aRU
_bELAR
_2rusmarc
852 _aNLR
_jПт 40.7/107
942 _cBOOK
980 _aNB